00550 2200169 4500001002100000005001500021035002000036007000300056008004100059082001100100084001700111100001900128245011000147260007200257300004200329650000900371INLIS00000000000035020240206025123 a0010-0224000024ta240206 g 0 ind  a631.24 a631.24 ACH p0 aAchmad Suryana1 aPengelolaan Tanaman Terpadu (PPT) Padi Sawah Irigasi :bPedoman Bagi Penyuluh Pertanian /cAchmad Suryana aMedan :bBalai Pengkajian Teknologi Pertanian Sumatera Utara,c2007 aiv, 38 hlm, :bilus, ;c14 cm x 21 cm 4aPadi